Stany USA na mapie - Statystyki

Ogólne statystyki
  • Ten quiz został rozwiązany 3 770 razy
  • Średni wynik to 25 z 50
Odpowiedzi na mapie
Odpowiedzi zakodowano w zielono-czerwonej skali na mapie do tego quizu, zgodnie z poniższymi procentami.
 
Statystyki odpowiedzi
Odpowiedź % Poprawnych
Waszyngton
84%
Alaska
83%
Kalifornia
78%
Teksas
73%
Floryda
69%
Hawaje
66%
Oregon
65%
Dakota Południowa
64%
Dakota Północna
63%
Nowy Meksyk
61%
Arizona
58%
Montana
57%
Nevada
57%
Karolina Południowa
55%
Maine
54%
Luizjana
53%
Karolina Połnocna
52%
Michigan
52%
Nowy Jork
51%
Wirginia
51%
Idaho
50%
Tennessee
50%
Alabama
49%
Wirginia Zachodnia
49%
Georgia
48%
Kentucky
48%
Minnesota
47%
Pennsylwania
47%
Rhode Island
47%
Ohio
46%
Illinois
45%
Utah
45%
Indiana
43%
Oklahoma
43%
Kolorado
42%
Maryland
42%
Wisconsin
42%
Arkansas
41%
Missisipi
41%
Wyoming
41%
Kansas
40%
Nebraska
39%
New Hampshire
39%
New Jersey
39%
Vermont
38%
Iowa
37%
Connecticut
35%
Massachusetts
35%
Delaware
34%
Missouri
34%
Nie znaleziono quizów pasujących do podanych kryteriów
Rozkład punktacji
Procent ludzi z każdym wynikiem
Percentyl według liczby udzielonych odpowiedzi
Twoja historia wyników
Nie rozwiązałeś tego quizu